00350nam a2200133Ia 4500008004100000041000800041082002000049100001600069245003900085260002700124300000800151365001500159700004200174230718s9999 xx 000 0 und d aeng a621.3815'3bGOG aGogate A.B. aElectronic Devices And Circuits II c1994bNirali Prakashan a316 cRs.b65.00 aGogate A.B., Satawane M.S. & Rao P.C.